[Event "DEM U10 2021"]
[Site "Willingen GER"]
[Date "2021.08.24"]
[Round "4"]
[White "Polzin, Gustav"]
[Black "Seth, Aakrit"]
[Result "1-0"]
[Termination "normal"]
[Board "8"]
[WhiteElo "1618"]
[BlackElo "1330"]
[WhiteClock "00:22:10"]
[BlackClock "00:26:31"]
[PlyCount "49"]
[WhiteFideId "34603280"]
[BlackFideId "34604812"]
[EventCountry "GER"]
[EventRounds "11"]
[EventType "swiss"]
[EventDate "2021.08.22"]

1. e4 {[%clk 01:15:56]} {[%emt 00:00:04]} c5 {[%clk 01:15:41]} {[%emt
00:00:21]} 2. Nf3 {[%clk 01:16:15]} {[%emt 00:00:10]} d6 {[%clk 01:16:02]}
{[%emt 00:00:09]} 3. d4 {[%clk 01:16:07]} {[%emt 00:00:38]} cxd4 {[%clk
01:16:21]} {[%emt 00:00:10]} 4. Nxd4 {[%emt 00:00:11]} Nf6 {[%clk 01:16:44]}
{[%emt 00:00:04]} 5. Nc3 {[%clk 01:16:52]} {[%emt 00:00:08]} g6 {[%clk
01:17:07]} {[%emt 00:00:06]} 6. Be3 {[%clk 01:17:05]} {[%emt 00:00:18]} Bg7
{[%clk 01:17:28]} {[%emt 00:00:09]} 7. Bc4 {[%clk 01:15:11]} {[%emt 00:02:24]}
O-O {[%clk 01:17:45]} {[%emt 00:00:13]} 8. f3 {[%clk 01:15:23]} {[%emt
00:00:18]} Nc6 {[%clk 01:17:43]} {[%emt 00:00:31]} 9. Qd2 {[%clk 01:15:18]}
{[%emt 00:00:36]} Qa5 {[%clk 01:16:28]} {[%emt 00:01:44]} 10. O-O-O {[%clk
01:12:18]} {[%emt 00:03:30]} Nxd4 {[%clk 01:13:49]} {[%emt 00:03:09]} 11. Bxd4
{[%clk 01:11:23]} {[%emt 00:01:26]} Be6 {[%clk 01:12:53]} {[%emt 00:01:26]} 12.
Bxe6 {[%clk 00:53:07]} {[%emt 00:18:46]} fxe6 {[%clk 01:13:05]} {[%emt
00:00:18]} 13. Kb1 {[%clk 00:53:35]} {[%emt 00:00:02]} b5 {[%clk 01:09:06]}
{[%emt 00:04:27]} 14. Be3 {[%clk 00:48:37]} {[%emt 00:05:30]} b4 {[%clk
01:04:41]} {[%emt 00:04:55]} 15. Ne2 {[%clk 00:48:32]} {[%emt 00:00:35]} Rfc8
{[%clk 01:00:59]} {[%emt 00:04:10]} 16. g4 {[%clk 00:40:57]} {[%emt 00:08:07]}
Rc7 {[%clk 00:56:23]} {[%emt 00:05:04]} 17. Bh6 {[%clk 00:37:26]} {[%emt
00:04:02]} Rac8 {[%clk 00:53:30]} {[%emt 00:03:23]} 18. Nd4 {[%clk 00:36:12]}
{[%emt 00:01:44]} Bh8 {[%clk 00:46:51]} {[%emt 00:07:08]} 19. a3 {[%clk
00:29:43]} {[%emt 00:07:01]} Rc4 {[%clk 00:37:11]} {[%emt 00:10:09]} 20. h4
{[%clk 00:24:30]} {[%emt 00:05:44]} e5 {[%clk 00:27:41]} {[%emt 00:09:59]} 21.
Nb3 {[%clk 00:22:33]} {[%emt 00:02:28]} Qc7 {[%clk 00:27:50]} {[%emt 00:00:20]}
22. Rh2 {[%clk 00:22:32]} {[%emt 00:00:32]} bxa3 {[%emt 00:00:25]} 23. bxa3
{[%emt 00:00:08]} Nd7 {[%clk 00:27:17]} {[%emt 00:01:07]} 24. Qd5+ {[%clk
00:21:45]} {[%emt 00:01:39]} e6 {[%clk 00:26:31]} {[%emt 00:01:16]} 25. Qxe6#
{[%clk 00:22:10]} {[%emt 00:00:06]} 1-0

[Event "DEM U10 2021"]
[Site "Willingen GER"]
[Date "2021.08.24"]
[Round "4"]
[White "Merenda, Lukas-Benedikt"]
[Black "Nonnenmacher, Philipp"]
[Result "1-0"]
[Termination "normal"]
[Board "10"]
[WhiteElo "1222"]
[BlackElo "1314"]
[WhiteClock "01:14:54"]
[BlackClock "00:39:20"]
[PlyCount "53"]
[WhiteFideId "34603336"]
[BlackFideId "34608869"]
[EventCountry "GER"]
[EventRounds "11"]
[EventType "swiss"]
[EventDate "2021.08.22"]

1. e4 {[%clk 01:15:58]} e5 {[%clk 01:15:52]} {[%emt 00:00:09]} 2. Nf3 {[%clk
01:16:24]} {[%emt 00:00:05]} Nc6 {[%clk 01:16:15]} {[%emt 00:00:07]} 3. Bc4
{[%clk 01:16:48]} {[%emt 00:00:06]} Bc5 {[%clk 01:16:34]} {[%emt 00:00:09]} 4.
c3 {[%clk 01:17:12]} {[%emt 00:00:06]} Nf6 {[%clk 01:16:44]} {[%emt 00:00:21]}
5. d4 {[%clk 01:17:37]} {[%emt 00:00:05]} exd4 {[%clk 01:16:50]} {[%emt
00:00:23]} 6. cxd4 {[%clk 01:18:00]} {[%emt 00:00:07]} Bb4+ {[%clk 01:16:23]}
{[%emt 00:00:58]} 7. Nc3 {[%clk 01:18:07]} {[%emt 00:00:23]} Nxe4 {[%clk
01:16:36]} {[%emt 00:00:16]} 8. O-O {[%clk 01:18:30]} {[%emt 00:00:08]} Nxc3
{[%clk 01:16:50]} {[%emt 00:00:15]} 9. bxc3 {[%clk 01:18:56]} {[%emt 00:00:05]}
Bxc3 {[%clk 01:17:03]} {[%emt 00:00:17]} 10. Ba3 {[%clk 01:19:23]} {[%emt
00:00:04]} d6 {[%clk 01:14:32]} {[%emt 00:03:00]} 11. Rc1 {[%clk 01:19:45]}
{[%emt 00:00:09]} Ba5 {[%clk 01:14:18]} {[%emt 00:00:43]} 12. Qa4 {[%clk
01:20:04]} {[%emt 00:00:11]} d5 {[%clk 01:11:13]} {[%emt 00:03:34]} 13. Bb5
{[%clk 01:19:41]} {[%emt 00:00:54]} Bd7 {[%clk 01:10:38]} {[%emt 00:01:03]} 14.
Bxc6 {[%clk 01:19:58]} {[%emt 00:00:15]} Bxc6 {[%clk 01:06:52]} {[%emt
00:04:15]} 15. Qxa5 {[%clk 01:19:47]} {[%emt 00:00:41]} f6 {[%clk 01:06:13]}
{[%emt 00:01:08]} 16. Rfe1+ {[%clk 01:20:00]} {[%emt 00:00:18]} Kf7 {[%clk
01:02:21]} {[%emt 00:04:21]} 17. Re7+ {[%clk 01:20:19]} {[%emt 00:00:12]} Kg6
{[%clk 01:02:42]} {[%emt 00:00:08]} 18. Qd2 {[%clk 01:19:58]} {[%emt 00:00:52]}
Rg8 {[%clk 00:52:40]} {[%emt 00:10:31]} 19. Qf4 {[%clk 01:18:43]} {[%emt
00:01:46]} Qc8 {[%clk 00:45:54]} {[%emt 00:07:15]} 20. Rxc7 {[%clk 01:15:54]}
{[%emt 00:03:20]} Qb8 {[%clk 00:44:43]} {[%emt 00:01:40]} 21. Bd6 {[%clk
01:16:13]} {[%emt 00:00:13]} Qd8 {[%clk 00:42:59]} {[%emt 00:02:12]} 22. g4
{[%clk 01:13:18]} {[%emt 00:03:26]} h5 {[%clk 00:42:19]} {[%emt 00:01:08]} 23.
Nh4+ {[%clk 01:13:23]} {[%emt 00:00:26]} Kh7 {[%clk 00:41:58]} {[%emt
00:00:50]} 24. Qf5+ {[%clk 01:13:49]} {[%emt 00:00:07]} Kh8 {[%clk 00:41:26]}
{[%emt 00:01:01]} 25. Ng6+ {[%clk 01:14:05]} {[%emt 00:00:14]} Kh7 {[%clk
00:41:31]} {[%emt 00:00:25]} 26. Nf8+ {[%clk 01:14:32]} {[%emt 00:00:03]} Kh8
{[%clk 00:39:20]} {[%emt 00:02:40]} 27. Qh7# {[%clk 01:14:54]} {[%emt
00:00:08]} 1-0

[Event "DEM U10 2021"]
[Site "Willingen GER"]
[Date "2021.08.24"]
[Round "4"]
[White "Radeke, Timothy"]
[Black "Zimmer, Tim"]
[Result "1/2-1/2"]
[Termination "normal"]
[Board "11"]
[WhiteElo "1169"]
[BlackElo "1013"]
[WhiteClock "01:23:33"]
[BlackClock "00:09:18"]
[PlyCount "111"]
[WhiteFideId "16289412"]
[BlackFideId "34603115"]
[EventCountry "GER"]
[EventRounds "11"]
[EventType "swiss"]
[EventDate "2021.08.22"]

1. e4 {[%clk 01:15:58]} e5 {[%clk 01:15:41]} {[%emt 00:00:20]} 2. Nf3 {[%clk
01:16:22]} {[%emt 00:00:05]} Nc6 {[%clk 01:16:00]} {[%emt 00:00:12]} 3. Bc4
{[%clk 01:16:41]} {[%emt 00:00:10]} Bc5 {[%clk 01:16:06]} {[%emt 00:00:25]} 4.
c3 {[%clk 01:17:07]} {[%emt 00:00:04]} Nf6 {[%clk 01:16:16]} {[%emt 00:00:21]}
5. d4 {[%clk 01:17:30]} {[%emt 00:00:07]} exd4 {[%clk 01:16:32]} {[%emt
00:00:14]} 6. O-O {[%clk 01:17:52]} {[%emt 00:00:08]} d5 {[%clk 01:15:29]}
{[%emt 00:01:32]} 7. exd5 {[%clk 01:17:51]} {[%emt 00:00:31]} Nxd5 {[%clk
01:14:41]} {[%emt 00:01:18]} 8. Qb3 {[%clk 01:18:15]} {[%emt 00:00:07]} Be6
{[%clk 01:09:10]} {[%emt 00:06:01]} 9. Qxb7 {[%clk 01:17:36]} {[%emt 00:01:09]}
Nde7 {[%clk 00:57:10]} {[%emt 00:12:28]} 10. Bxe6 {[%clk 01:16:16]} {[%emt
00:01:51]} fxe6 {[%clk 00:56:26]} {[%emt 00:01:14]} 11. Qb3 {[%clk 01:16:40]}
{[%emt 00:00:06]} Nd5 {[%clk 00:44:32]} {[%emt 00:12:24]} 12. Bg5 {[%clk
01:16:29]} {[%emt 00:00:40]} Qd6 {[%clk 00:41:48]} {[%emt 00:03:13]} 13. cxd4
{[%clk 01:16:15]} {[%emt 00:00:46]} Bxd4 {[%clk 00:39:52]} {[%emt 00:02:26]}
14. Nc3 {[%clk 01:14:04]} {[%emt 00:02:41]} O-O {[%clk 00:29:13]} {[%emt
00:11:09]} 15. Nb5 {[%clk 01:13:50]} {[%emt 00:00:44]} Qc5 {[%clk 00:27:06]}
{[%emt 00:02:37]} 16. Rac1 {[%clk 01:13:23]} {[%emt 00:00:57]} Qb6 {[%clk
00:25:25]} {[%emt 00:02:11]} 17. Rxc6 {[%clk 01:12:49]} {[%emt 00:01:04]} Bxf2+
{[%clk 00:24:47]} {[%emt 00:01:08]} 18. Rxf2 {[%clk 01:12:56]} {[%emt
00:00:23]} Qxc6 {[%clk 00:25:07]} {[%emt 00:00:10]} 19. Nbd4 {[%clk 01:08:04]}
{[%emt 00:05:22]} Qd6 {[%clk 00:17:59]} {[%emt 00:07:38]} 20. Qc2 {[%clk
01:04:19]} {[%emt 00:04:15]} Nf4 {[%clk 00:14:44]} {[%emt 00:03:45]} 21. Bxf4
{[%clk 01:04:10]} {[%emt 00:00:40]} Rxf4 {[%clk 00:14:23]} {[%emt 00:00:50]}
22. Qc6 {[%clk 01:02:01]} {[%emt 00:02:37]} Rd8 {[%clk 00:09:54]} {[%emt
00:04:58]} 23. Qxd6 {[%clk 01:01:26]} {[%emt 00:01:08]} Rxd6 {[%clk 00:10:04]}
{[%emt 00:00:20]} 24. Rc2 {[%clk 01:01:35]} {[%emt 00:00:21]} Rfxd4 {[%clk
00:09:42]} {[%emt 00:00:52]} 25. Nxd4 {[%clk 01:02:01]} {[%emt 00:00:05]} Rxd4
{[%clk 00:10:02]} {[%emt 00:00:09]} 26. Rxc7 {[%clk 01:02:27]} {[%emt
00:00:04]} a5 {[%clk 00:08:43]} {[%emt 00:01:49]} 27. Ra7 {[%clk 01:02:05]}
{[%emt 00:00:52]} Rd1+ {[%clk 00:08:32]} {[%emt 00:00:40]} 28. Kf2 {[%clk
01:02:30]} {[%emt 00:00:05]} Rd2+ {[%clk 00:08:54]} {[%emt 00:00:08]} 29. Kg3
{[%clk 01:02:50]} {[%emt 00:00:11]} Rxb2 {[%clk 00:09:17]} {[%emt 00:00:07]}
30. Rxa5 {[%clk 01:03:19]} Kf7 {[%clk 00:09:24]} {[%emt 00:00:21]} 31. Ra7+
{[%clk 01:03:44]} {[%emt 00:00:07]} Kf6 {[%clk 00:09:26]} {[%emt 00:00:29]} 32.
a4 {[%clk 01:04:06]} {[%emt 00:00:08]} h5 {[%clk 00:07:27]} {[%emt 00:02:28]}
33. h3 {[%clk 01:03:34]} {[%emt 00:01:01]} g5 {[%clk 00:06:38]} {[%emt
00:01:20]} 34. a5 {[%clk 01:04:00]} {[%emt 00:00:05]} Rb3+ {[%clk 00:06:35]}
{[%emt 00:00:32]} 35. Kh2 {[%clk 01:04:23]} {[%emt 00:00:07]} Ra3 {[%clk
00:06:58]} {[%emt 00:00:07]} 36. a6 {[%clk 01:04:47]} {[%emt 00:00:06]} h4
{[%clk 00:04:35]} {[%emt 00:02:52]} 37. Ra8 {[%clk 01:05:02]} {[%emt 00:00:16]}
Ke5 {[%clk 00:04:54]} {[%emt 00:00:09]} 38. a7 {[%clk 01:05:29]} {[%emt
00:00:05]} Ra1 {[%clk 00:04:58]} {[%emt 00:00:26]} 39. Rg8 {[%clk 01:05:42]}
{[%emt 00:00:17]} g4 {[%clk 00:03:31]} {[%emt 00:01:56]} 40. Rxg4 {[%clk
01:05:59]} {[%emt 00:00:13]} Rxa7 {[%clk 00:03:54]} {[%emt 00:00:08]} 41. Rxh4
{[%clk 01:06:14]} {[%emt 00:00:15]} Kf5 {[%clk 00:03:42]} {[%emt 00:00:41]} 42.
Rh6 {[%clk 01:06:24]} {[%emt 00:00:21]} Re7 {[%clk 00:01:46]} {[%emt 00:02:25]}
43. g4+ {[%clk 01:06:46]} {[%emt 00:00:09]} Kg5 {[%clk 00:01:58]} {[%emt
00:00:18]} 44. Rh5+ {[%clk 01:07:09]} {[%emt 00:00:08]} Kf4 {[%clk 00:01:54]}
{[%emt 00:00:33]} 45. Kg2 {[%clk 01:07:33]} {[%emt 00:00:06]} Rf7 {[%clk
00:01:21]} {[%emt 00:01:02]} 46. g5 {[%clk 01:07:06]} {[%emt 00:00:58]} e5
{[%clk 00:01:04]} {[%emt 00:00:47]} 47. h4 {[%clk 01:07:22]} {[%emt 00:00:14]}
e4 {[%clk 00:01:03]} {[%emt 00:00:31]} 48. Rh8 {[%clk 01:07:42]} {[%emt
00:00:10]} Re7 {[%clk 00:00:57]} {[%emt 00:00:37]} 49. Kf2 {[%clk 01:08:03]}
{[%emt 00:00:08]} e3+ {[%clk 00:00:32]} {[%emt 00:00:55]} 50. Ke2 {[%clk
01:08:29]} {[%emt 00:00:06]} Rd7 {[%clk 00:14:46]} {[%emt 00:01:15]} 51. Re8
{[%clk 01:23:47]} {[%emt 00:00:12]} Rd2+ {[%clk 00:15:09]} {[%emt 00:00:06]}
52. Ke1 {[%clk 01:24:11]} {[%emt 00:00:07]} Rg2 {[%clk 00:11:45]} {[%emt
00:03:49]} 53. Re6 {[%clk 01:23:52]} {[%emt 00:00:54]} Kf3 {[%clk 00:09:33]}
{[%emt 00:02:42]} 54. Rf6+ {[%clk 01:24:17]} {[%emt 00:00:06]} Kg4 {[%clk
00:09:54]} {[%emt 00:00:06]} 55. Kf1 {[%clk 01:23:26]} {[%emt 00:01:23]} e2+
{[%clk 00:09:18]} {[%emt 00:01:06]} 56. Ke1 {[%clk 01:23:33]} {[%emt 00:00:23]}
1/2-1/2

[Event "DEM U10 2021"]
[Site "Willingen GER"]
[Date "2021.08.24"]
[Round "4"]
[White "Payyappat, Sayas"]
[Black "Sajka, Noah"]
[Result "1-0"]
[Termination "normal"]
[Board "12"]
[WhiteElo "1233"]
[BlackElo "1402"]
[WhiteClock "01:03:38"]
[BlackClock "00:40:55"]
[PlyCount "113"]
[WhiteFideId "25659260"]
[BlackFideId "34608192"]
[EventCountry "GER"]
[EventRounds "11"]
[EventType "swiss"]
[EventDate "2021.08.22"]

1. e4 {[%clk 01:15:59]} c5 {[%clk 01:15:48]} {[%emt 00:00:12]} 2. Nc3 {[%clk
01:16:25]} {[%emt 00:00:05]} Nc6 {[%clk 01:15:48]} {[%emt 00:00:30]} 3. g3
{[%clk 01:16:27]} {[%emt 00:00:28]} g6 {[%clk 01:15:26]} {[%emt 00:00:51]} 4.
Bg2 {[%clk 01:16:43]} {[%emt 00:00:14]} Bg7 {[%clk 01:15:22]} {[%emt 00:00:34]}
5. f4 {[%clk 01:16:58]} {[%emt 00:00:14]} d6 {[%clk 01:14:58]} {[%emt
00:00:55]} 6. Nf3 {[%clk 01:16:50]} {[%emt 00:00:39]} Nf6 {[%clk 01:14:53]}
{[%emt 00:00:34]} 7. d3 {[%clk 01:16:46]} {[%emt 00:00:34]} Rb8 {[%clk
01:14:18]} {[%emt 00:01:06]} 8. Be3 {[%clk 01:17:04]} {[%emt 00:00:11]} Nd7
{[%clk 01:14:08]} {[%emt 00:00:40]} 9. O-O {[%clk 01:15:00]} {[%emt 00:02:35]}
O-O {[%clk 01:13:25]} {[%emt 00:01:13]} 10. Qd2 {[%clk 01:13:55]} {[%emt
00:01:34]} b5 {[%clk 01:13:01]} {[%emt 00:00:54]} 11. a3 {[%clk 01:14:07]}
{[%emt 00:00:19]} b4 {[%clk 01:09:57]} {[%emt 00:03:34]} 12. axb4 {[%clk
01:13:54]} {[%emt 00:00:43]} Rxb4 {[%clk 01:09:57]} {[%emt 00:00:30]} 13. Rab1
{[%clk 01:13:51]} {[%emt 00:00:32]} e6 {[%clk 01:05:30]} {[%emt 00:04:58]} 14.
h3 {[%clk 01:12:58]} {[%emt 00:01:22]} Qb6 {[%clk 01:04:54]} {[%emt 00:01:06]}
15. b3 {[%clk 01:12:50]} {[%emt 00:00:39]} Qc7 {[%clk 01:02:24]} {[%emt
00:02:59]} 16. Ne2 {[%clk 01:12:38]} {[%emt 00:00:41]} a5 {[%clk 01:01:42]}
{[%emt 00:01:14]} 17. g4 {[%clk 01:12:44]} {[%emt 00:00:24]} Nb6 {[%clk
00:58:14]} {[%emt 00:03:58]} 18. Qe1 {[%clk 01:11:45]} {[%emt 00:01:26]} Qe7
{[%clk 00:56:14]} {[%emt 00:02:32]} 19. Bd2 {[%clk 01:10:50]} {[%emt 00:01:24]}
Rb5 {[%clk 00:54:37]} {[%emt 00:02:07]} 20. c4 {[%clk 01:10:58]} {[%emt
00:00:23]} Rb4 {[%clk 00:54:45]} {[%emt 00:00:22]} 21. Bxb4 {[%clk 01:11:17]}
{[%emt 00:00:11]} Nxb4 {[%clk 00:54:50]} {[%emt 00:00:25]} 22. d4 {[%clk
01:10:50]} {[%emt 00:00:58]} cxd4 {[%clk 00:53:16]} {[%emt 00:02:03]} 23. Nexd4
{[%clk 01:10:49]} {[%emt 00:00:30]} Bb7 {[%clk 00:51:46]} {[%emt 00:02:00]} 24.
f5 {[%clk 01:09:55]} {[%emt 00:01:26]} exf5 {[%clk 00:50:07]} {[%emt 00:02:08]}
25. exf5 {[%clk 01:08:42]} {[%emt 00:01:44]} Qc7 {[%clk 00:48:56]} {[%emt
00:01:40]} 26. Nb5 {[%clk 01:08:02]} {[%emt 00:01:10]} Qc5+ {[%clk 00:46:37]}
{[%emt 00:02:49]} 27. Qf2 {[%clk 01:06:06]} {[%emt 00:02:25]} a4 {[%clk
00:46:11]} {[%emt 00:00:58]} 28. Qxc5 {[%clk 01:06:12]} {[%emt 00:00:24]} dxc5
{[%clk 00:46:26]} {[%emt 00:00:14]} 29. Nd6 {[%clk 01:05:41]} {[%emt 00:01:02]}
Bc6 {[%clk 00:44:50]} {[%emt 00:02:05]} 30. bxa4 {[%clk 01:05:43]} {[%emt
00:00:29]} Nxa4 {[%clk 00:44:41]} {[%emt 00:00:39]} 31. fxg6 {[%clk 01:05:55]}
{[%emt 00:00:17]} fxg6 {[%clk 00:44:27]} {[%emt 00:00:44]} 32. Ng5 {[%clk
01:05:49]} {[%emt 00:00:37]} Bxg2 {[%clk 00:44:12]} {[%emt 00:00:44]} 33. Kxg2
{[%clk 01:04:29]} {[%emt 00:01:50]} Rd8 {[%clk 00:43:41]} {[%emt 00:01:02]} 34.
Nb5 {[%clk 01:02:53]} {[%emt 00:02:06]} Rd2+ {[%emt 00:01:13]} 35. Kg1 {[%emt
00:01:19]} Nc3 {[%clk 00:38:53]} {[%emt 00:02:45]} 36. Nxc3 {[%clk 01:02:41]}
{[%emt 00:00:42]} Bxc3 {[%clk 00:39:11]} {[%emt 00:00:12]} 37. Rbd1 {[%clk
01:00:38]} {[%emt 00:02:34]} Bd4+ {[%clk 00:38:27]} {[%emt 00:01:13]} 38. Kh1
{[%clk 01:00:40]} {[%emt 00:00:27]} Rxd1 {[%clk 00:36:46]} {[%emt 00:02:12]}
39. Rxd1 {[%clk 01:01:01]} {[%emt 00:00:10]} h6 {[%clk 00:36:50]} {[%emt
00:00:26]} 40. Ne6 {[%clk 01:01:16]} {[%emt 00:00:12]} Be3 {[%clk 00:37:12]}
{[%emt 00:00:09]} 41. Re1 {[%clk 01:00:54]} {[%emt 00:00:49]} Bd4 {[%clk
00:36:49]} {[%emt 00:00:57]} 42. Nxd4 {[%clk 01:01:11]} {[%emt 00:00:13]} cxd4
{[%clk 00:37:14]} {[%emt 00:00:06]} 43. Rd1 {[%clk 01:01:30]} {[%emt 00:00:11]}
d3 {[%clk 00:37:32]} {[%emt 00:00:12]} 44. Kg2 {[%clk 01:01:55]} {[%emt
00:00:05]} Kf7 {[%clk 00:37:57]} {[%emt 00:00:05]} 45. Kf2 {[%clk 01:02:15]}
{[%emt 00:00:10]} Ke6 {[%clk 00:38:20]} {[%emt 00:00:07]} 46. Ke3 {[%clk
01:02:22]} {[%emt 00:00:22]} Ke5 {[%clk 00:37:34]} {[%emt 00:01:17]} 47. Rb1
{[%clk 01:00:46]} {[%emt 00:02:04]} Nc6 {[%clk 00:37:43]} {[%emt 00:00:22]} 48.
Kxd3 {[%clk 01:00:57]} {[%emt 00:00:20]} Ne7 {[%clk 00:38:01]} {[%emt
00:00:12]} 49. Re1+ {[%clk 01:01:16]} {[%emt 00:00:10]} Kd6 {[%clk 00:38:26]}
{[%emt 00:00:06]} 50. c5+ {[%clk 01:01:27]} {[%emt 00:00:18]} Kd7 {[%clk
00:38:51]} {[%emt 00:00:05]} 51. Rxe7+ {[%clk 01:01:38]} {[%emt 00:00:20]} Kxe7
{[%emt 00:00:07]} 52. Ke4 {[%clk 01:02:05]} {[%emt 00:00:03]} Ke6 {[%clk
00:39:39]} {[%emt 00:00:04]} 53. Kd4 {[%clk 01:02:18]} {[%emt 00:00:16]} h5
{[%clk 00:40:05]} {[%emt 00:00:05]} 54. g5 {[%clk 01:02:31]} {[%emt 00:00:17]}
Kd7 {[%clk 00:40:07]} {[%emt 00:00:29]} 55. Ke5 {[%clk 01:02:55]} {[%emt
00:00:06]} Ke7 {[%clk 00:40:29]} {[%emt 00:00:07]} 56. c6 {[%clk 01:03:22]}
{[%emt 00:00:03]} Kd8 {[%clk 00:40:55]} {[%emt 00:00:05]} 57. Kf6 {[%clk
01:03:38]} {[%emt 00:00:13]} 1-0

[Event "DEM U10 2021"]
[Site "Willingen GER"]
[Date "2021.08.24"]
[Round "4"]
[White "Zhang, Yibo"]
[Black "Pflugbeil, Julian"]
[Result "1-0"]
[Termination "normal"]
[Board "13"]
[WhiteElo "1313"]
[BlackElo "1368"]
[WhiteClock "00:58:27"]
[BlackClock "01:15:14"]
[PlyCount "99"]
[WhiteFideId "16287657"]
[BlackFideId "34608850"]
[EventCountry "GER"]
[EventRounds "11"]
[EventType "swiss"]
[EventDate "2021.08.22"]

1. e4 {[%clk 01:15:57]} {[%emt 00:00:03]} d6 {[%clk 01:15:54]} {[%emt
00:00:07]} 2. d4 {[%clk 01:16:23]} {[%emt 00:00:05]} Nf6 {[%clk 01:16:17]}
{[%emt 00:00:05]} 3. Nc3 {[%clk 01:16:49]} {[%emt 00:00:05]} g6 {[%clk
01:16:37]} {[%emt 00:00:10]} 4. Nf3 {[%clk 01:17:11]} {[%emt 00:00:09]} c6
{[%clk 01:16:58]} {[%emt 00:00:09]} 5. Bf4 {[%clk 01:17:24]} {[%emt 00:00:16]}
Bg7 {[%clk 01:17:19]} {[%emt 00:00:09]} 6. Bc4 {[%clk 01:17:42]} {[%emt
00:00:12]} O-O {[%clk 01:17:39]} {[%emt 00:00:08]} 7. O-O {[%clk 01:18:03]}
{[%emt 00:00:10]} Nxe4 {[%clk 01:18:03]} {[%emt 00:00:06]} 8. Nxe4 {[%clk
01:18:27]} {[%emt 00:00:06]} d5 {[%clk 01:18:30]} {[%emt 00:00:04]} 9. Nc3
{[%clk 01:18:26]} {[%emt 00:00:31]} dxc4 {[%clk 01:18:54]} {[%emt 00:00:06]}
10. Qe2 {[%clk 01:18:14]} {[%emt 00:00:42]} Be6 {[%clk 01:19:12]} {[%emt
00:00:12]} 11. Rad1 {[%clk 01:17:58]} {[%emt 00:00:45]} Qb6 {[%clk 01:19:27]}
{[%emt 00:00:15]} 12. b3 {[%clk 01:17:26]} {[%emt 00:01:03]} cxb3 {[%clk
01:18:42]} {[%emt 00:01:16]} 13. axb3 {[%clk 01:17:44]} {[%emt 00:00:11]} Nd7
{[%clk 01:18:59]} {[%emt 00:00:11]} 14. Ng5 {[%clk 01:15:42]} {[%emt 00:02:34]}
Bf5 {[%clk 01:18:13]} {[%emt 00:01:16]} 15. Qxe7 {[%clk 01:02:53]} {[%emt
00:13:19]} Rae8 {[%emt 00:00:57]} 16. Qd6 {[%clk 01:02:00]} {[%emt 00:01:21]}
Bxc2 {[%clk 01:17:55]} {[%emt 00:00:22]} 17. Qxd7 {[%clk 01:02:02]} {[%emt
00:00:29]} Bxd1 {[%clk 01:18:07]} {[%emt 00:00:18]} 18. Nxd1 {[%clk 01:01:15]}
{[%emt 00:01:17]} Rd8 {[%clk 01:17:58]} {[%emt 00:00:40]} 19. Qh3 {[%clk
01:00:36]} {[%emt 00:01:08]} h5 {[%clk 01:16:02]} {[%emt 00:02:26]} 20. Qg3
{[%clk 00:59:55]} {[%emt 00:01:10]} Rxd4 {[%emt 00:00:30]} 21. Be3 {[%clk
00:58:57]} {[%emt 00:01:27]} Qxb3 {[%clk 01:16:28]} {[%emt 00:00:06]} 22. Bxd4
{[%clk 00:58:58]} {[%emt 00:00:28]} Qxg3 {[%clk 01:16:50]} {[%emt 00:00:08]}
23. hxg3 {[%clk 00:59:17]} {[%emt 00:00:11]} Bxd4 {[%clk 01:17:13]} {[%emt
00:00:07]} 24. Ne3 {[%clk 00:59:31]} {[%emt 00:00:17]} b5 {[%clk 01:17:11]}
{[%emt 00:00:32]} 25. Rc1 {[%clk 00:59:19]} {[%emt 00:00:42]} c5 {[%clk
01:17:03]} {[%emt 00:00:38]} 26. Ne4 {[%clk 00:59:25]} {[%emt 00:00:24]} c4
{[%clk 01:16:52]} {[%emt 00:00:41]} 27. Nd6 {[%clk 00:59:24]} {[%emt 00:00:30]}
Rb8 {[%clk 01:16:36]} {[%emt 00:00:46]} 28. Rb1 {[%clk 00:59:18]} {[%emt
00:00:36]} a6 {[%emt 00:00:32]} 29. Ndxc4 {[%clk 00:59:42]} {[%emt 00:00:04]}
Bb6 {[%clk 01:16:20]} {[%emt 00:00:46]} 30. Nxb6 {[%clk 00:59:44]} {[%emt
00:00:29]} Rxb6 {[%clk 01:16:35]} {[%emt 00:00:15]} 31. Nd5 {[%clk 00:59:41]}
{[%emt 00:00:32]} Rd6 {[%clk 01:15:33]} {[%emt 00:01:16]} 32. Nc7 {[%clk
00:59:19]} {[%emt 00:01:09]} Kf8 {[%clk 01:15:00]} {[%emt 00:00:55]} 33. Ra1
{[%clk 00:59:05]} {[%emt 00:00:52]} Rb6 {[%emt 00:01:01]} 34. Nxa6 {[%clk
00:58:40]} {[%emt 00:00:29]} Ke7 {[%clk 01:15:18]} {[%emt 00:00:06]} 35. Nb4
{[%clk 00:58:51]} {[%emt 00:00:19]} Kd6 {[%clk 01:15:36]} {[%emt 00:00:12]} 36.
Rc1 {[%clk 00:58:58]} {[%emt 00:00:24]} f6 {[%clk 01:15:30]} {[%emt 00:00:28]}
37. f4 {[%clk 00:58:30]} {[%emt 00:01:05]} Ke6 {[%clk 01:15:28]} {[%emt
00:00:33]} 38. Kf2 {[%clk 00:58:34]} {[%emt 00:00:26]} Rd6 {[%clk 01:15:33]}
{[%emt 00:00:25]} 39. Rc5 {[%clk 00:57:35]} {[%emt 00:01:29]} Rd2+ {[%clk
01:14:56]} {[%emt 00:01:07]} 40. Kf3 {[%clk 00:57:25]} {[%emt 00:00:40]} Rb2
{[%clk 01:15:04]} {[%emt 00:00:22]} 41. Rxb5 {[%clk 00:57:36]} {[%emt
00:00:19]} Rb3+ {[%clk 01:15:27]} {[%emt 00:00:06]} 42. Kf2 {[%clk 00:57:53]}
{[%emt 00:00:13]} Rb2+ {[%clk 01:15:40]} {[%emt 00:00:18]} 43. Kg1 {[%clk
00:57:58]} {[%emt 00:00:24]} Kd6 {[%clk 01:13:51]} {[%emt 00:02:19]} 44. Rb6+
{[%clk 00:57:33]} {[%emt 00:00:56]} Kc5 {[%clk 01:14:13]} {[%emt 00:00:08]} 45.
Nd3+ {[%clk 00:57:12]} {[%emt 00:00:51]} Kxb6 {[%clk 01:14:24]} {[%emt
00:00:19]} 46. Nxb2 {[%clk 00:57:37]} {[%emt 00:00:05]} Kc5 {[%clk 01:14:42]}
{[%emt 00:00:12]} 47. Kf2 {[%clk 00:57:54]} {[%emt 00:00:13]} Kd4 {[%clk
01:15:07]} {[%emt 00:00:05]} 48. Kf3 {[%clk 00:57:51]} {[%emt 00:00:32]} f5
{[%clk 01:15:05]} {[%emt 00:00:33]} 49. Ke2 {[%clk 00:58:05]} {[%emt 00:00:16]}
Ke4 {[%clk 01:15:14]} {[%emt 00:00:21]} 50. Nd3 {[%clk 00:58:27]} {[%emt
00:00:07]} 1-0